| 000 | 00000nam##2200000za#4500 |
| 001 | 9.681444 |
| 003 | CaOODSP |
| 005 | 20200330070911 |
| 007 | ta |
| 008 | 150407|2001||||xxc||||| f|0| 0 fre|d |
| 020 | |a0-662-85617-1 |
| 040 | |aCaOODSP|bfre |
| 043 | |an-cn--- |
| 086 | 1 |aH35-4/7-1999F |
| 110 | 1 |aCanada.|bSanté Canada. |bDirection générale de la santé des Premières nations et des Inuits. |
| 245 | 13|aLa tuberculose dans les communautés des Premières nations, 1999 |
| 260 | |aOttawa - Ontario : |bSanté Canada. |c2001. |
| 300 | |avi, 71p. : |bfigures, références, tableaux ; |c28 cm. |
| 563 | |aCouverture souple |
| 590 | |a01-25|b2001-06-22 |
| 691 | 07|aMaladie transmissible|2gcpds |
| 691 | 07|aÉpidémiologie|2gcpds |
| 691 | 07|aAutochtones|2gcpds |
| 775 | 08|tTuberculosis in First Nations communities, 1999 |w(CaOODSP)9.648069 |
| 776 | 0#|tLa tuberculose dans les communautés des Premières nations, 1999 |w(CaOODSP)9.640614 |